000 00928nam a2200325Ia 4500
003 OSt
005 20240517093640.0
008 210210b1919 xxu||||| |||| 00| 0 eng d
040 _cAL
041 _aeng
082 _a954/654
100 _aIndia, (Archaeological Survey of)
_9165382
245 _aAnnual report of the Archaeological Survey of India: Muhammadam and British monuments; Northern Circle 1919
260 _aAllahabad
_bSuperintendent Government Printing
_c1919
300 _a7
650 _aSurvey
_9165383
650 _areport
_9165384
650 _aNorthern
_9165385
650 _aMuhammadam
_9165386
650 _amonuments
_9165387
650 _aIndia:
_9165388
650 _aCircle
_9165389
650 _aBritish
_9165390
650 _aArchaeological
_9165391
650 _aAnnual
_9165392
650 _a1917
_9165393
690 _aIndian History
_9165394
906 _a002154
942 _2ddc
_cBK
999 _c120905
_d120905